| 000 | 00375nam a2200145Ia 4500 | ||
|---|---|---|---|
| 008 | 240729s9999 xx 000 0 und d | ||
| 022 | _a2070-5204 | ||
| 245 | 0 | _aOman Medical Journal | |
| 260 | _aOman | ||
| 260 | _bOman Medical Specialty Board | ||
| 650 | _aMedicine | ||
| 856 | _uhttps://doaj.org/toc/25fa18d64d194aea92670f360e2b8a72 | ||
| 942 | _2ddc | ||
| 942 | _cDOAJEJ | ||
| 999 |
_c68735 _d68735 |
||
| 945 |
_a1 _bMadushi Gamage _c1 _dMadushi Gamage |
||